<?xml version="1.0" encoding="UTF-8"?>
<record
    xmlns:xsi="http://www.w3.org/2001/XMLSchema-instance"
    xsi:schemaLocation="http://www.loc.gov/MARC21/slim http://www.loc.gov/standards/marcxml/schema/MARC21slim.xsd"
    xmlns="http://www.loc.gov/MARC21/slim">

  <leader>00556nam a2200157Ia 4500</leader>
  <controlfield tag="008">130818s9999    xx            000 0 und d</controlfield>
  <datafield tag="020" ind1=" " ind2=" ">
    <subfield code="a">978-607-15-0747-1</subfield>
  </datafield>
  <datafield tag="082" ind1=" " ind2=" ">
    <subfield code="a">615.954 C169t</subfield>
  </datafield>
  <datafield tag="100" ind1=" " ind2=" ">
    <subfield code="a">Calvo Carrillo, Mar&#xED;a de la Concepci&#xF3;n</subfield>
  </datafield>
  <datafield tag="245" ind1=" " ind2=" ">
    <subfield code="a">Toxicolog&#xED;a de los alimentos /  Mar&#xED;a de la Concepci&#xF3;n Calvo Carril,  Eduardo Mendoza Mart&#xED;nez</subfield>
  </datafield>
  <datafield tag="260" ind1=" " ind2=" ">
    <subfield code="a">M&#xE9;xico : McGraw Hill Educaci&#xF3;n</subfield>
  </datafield>
  <datafield tag="300" ind1=" " ind2=" ">
    <subfield code="a">465 p.</subfield>
  </datafield>
  <datafield tag="500" ind1=" " ind2=" ">
    <subfield code="a">Bibliograf&#xED;a e &#xED;ndice</subfield>
  </datafield>
  <datafield tag="650" ind1=" " ind2=" ">
    <subfield code="a">1. ALIMENTOS--TOXICOLOGIA    </subfield>
  </datafield>
  <datafield tag="700" ind1=" " ind2=" ">
    <subfield code="a">Mendoza Mart&#xED;nez,  Eduardo; coaut.&#xCC;</subfield>
  </datafield>
  <datafield tag="952" ind1=" " ind2=" ">
    <subfield code="0">0</subfield>
    <subfield code="1">0</subfield>
    <subfield code="4">0</subfield>
    <subfield code="7">0</subfield>
    <subfield code="a">15</subfield>
    <subfield code="b">15</subfield>
    <subfield code="d">2012-09-01</subfield>
    <subfield code="l">0</subfield>
    <subfield code="o">615.954 C169T</subfield>
    <subfield code="p">15 005155</subfield>
    <subfield code="r">2017-12-07</subfield>
    <subfield code="t">1</subfield>
    <subfield code="w">2013-08-19</subfield>
    <subfield code="y">LB</subfield>
  </datafield>
  <datafield tag="999" ind1=" " ind2=" ">
    <subfield code="c">90559</subfield>
    <subfield code="d">90559</subfield>
  </datafield>
</record>
